|
|
|
|
| LEADER |
00000nab a2200000 a 4500 |
| 001 |
vtls000681721 |
| 003 |
SK-MaSNL |
| 005 |
20260303043530.0 |
| 008 |
180207c1999 xo 0 slo |
| 015 |
|
|
|a SNBRB1999/02-03814
|
| 035 |
|
|
|a CLN000033888
|
| 040 |
|
|
|a SNKBUCL
|b slo
|c SNKBUCL
|e AACR2
|
| 041 |
0 |
|
|a slo
|
| 044 |
|
|
|a xo
|c SK
|
| 080 |
|
|
|a 796.966.093.1
|2 UDC-MRF-SK2
|
| 100 |
1 |
|
|a Barát, Róbert
|4 aut
|9 576570
|
| 245 |
1 |
0 |
|a Privysoká "béčkárská" prekážka
|b v úvodnom vystúpení našich hokejistov: Slovensko-Nemecko 3:4 (1:2, 2:1, 0:1)
|c Róbert Barát
|
| 300 |
|
|
|b Fotogr.
|
| 611 |
1 |
7 |
|a Švajčiarsky pohár v hokeji
|d 1999
|c Chur, Švajčiarsko
|2 snkbucl
|9 1031059
|
| 650 |
0 |
7 |
|a hokej ľadový
|x Slovensko-Nemecko
|2 snkbucl
|9 850267
|
| 655 |
|
7 |
|a články z novín a časopisov
|2 snkbucl
|9 267496
|
| 773 |
0 |
|
|t Šport
|g Roč. 53, č. 36 (13.2.1999), s. 2
|
| 850 |
|
|
|a Slovenská národná knižnica v Martine
|
| 852 |
|
|
|a SNK
|b KIS3GCP
|
| 958 |
|
|
|a RBX
|
| 999 |
|
|
|c 1697210
|d 1699140
|